Welcome to CU Library Online Public Access Catalogue (OPAC)

The day Christ died / (Record no. 1146)

MARC details
000 -LEADER
fixed length control field 00508cam a2200181 i 4500
001 - CONTROL NUMBER
control field 3665614
005 - DATE AND TIME OF LATEST TRANSACTION
control field 20241113172306.0
008 - FIXED-LENGTH DATA ELEMENTS--GENERAL INFORMATION
fixed length control field 770531s1977 cau b 000 0beng
020 ## - INTERNATIONAL STANDARD BOOK NUMBER
International Standard Book Number 0060607866 :
Terms of availability $2.25
050 10 - LIBRARY OF CONGRESS CALL NUMBER
Classification number BT450
Item number .B54 1977
082 00 - DEWEY DECIMAL CLASSIFICATION NUMBER
Classification number 232.9/63
100 1# - MAIN ENTRY--PERSONAL NAME
Personal name Bishop, Jim,
Dates associated with a name 1907-1987.
245 14 - TITLE STATEMENT
Title The day Christ died /
Statement of responsibility, etc. Jim Bishop.
260 ## - PUBLICATION, DISTRIBUTION, ETC.
Place of publication, distribution, etc. San Francisco :
Name of publisher, distributor, etc. Harper & Row,
Date of publication, distribution, etc. 1977.
300 ## - PHYSICAL DESCRIPTION
Extent xix, 306 p. ;
Dimensions 18 cm.
650 #0 - SUBJECT ADDED ENTRY--TOPICAL TERM
Topical term or geographic name entry element Christian biography
Geographic subdivision Palestine.
942 ## - ADDED ENTRY ELEMENTS (KOHA)
Source of classification or shelving scheme Library of Congress Classification
Koha item type Books
Suppress in OPAC No
999 ## -
-- 1146
-- 1146
Holdings
Withdrawn status Lost status Source of classification or shelving scheme Damaged status Not for loan Collection Home library Current library Shelving location Date acquired Total checkouts Full call number Barcode Date last seen Copy number Price effective from Koha item type
    Library of Congress Classification     Non-fiction Law Library (Miotso) Law Library (Miotso) General stacks 11/13/2024   BT450.B54 BIS LLM00000851 11/13/2024 1 11/13/2024 Books
© 2023-2024 Copyright: Central University Libraries. All Rights Reserved | Created by: Mahone Tech Office